000 00328nam a2200145Ia 4500
008 230718s9999 xx 000 0 und d
041 _aEng.
082 _a342
_bMAL-I
100 _aMalik, Ahmed Nareee
245 0 _aInternational Law
260 _aPakistan
_bPunjab Law
_c2015
300 _a281
650 _aLaw
999 _c30846
_d30846